000
00295nam a2200097Ia 4500
082
_a
mpl-13
245
0
_a
Easy guide to sewing : tops and t-shirts, skirts, and pants
100
_a
MacIntyre, Lynn Newtown, CT, [c.2009]
_9
82618
942
_c
BK
008
210817s9999 xx 000 0 und d
999
_c
299076
_d
299074